Alteraciones morfológicas y trasporte de materiales escolares por estudientes de educación primaria. Informe final de la práctica en servicio sometido a la consideración de la Comisión del Programa de Mestría en salud Publica /
El presente documento constituye el informe final de la Práctica en Servicio para optar al grado de Maestría Profesional en Salud Publica, de la Universidad de Costa Rica. El trabajo se interesó por establecer los posibles riesgos posturales en algunos niños de la Escuela Miguel de Cervantes Saavedr...
Сохранить в:
| Главный автор: | |
|---|---|
| Формат: | Диссертация |
| Опубликовано: |
San José:
Universidad de Costa Rica
|
| Предметы: | |
| Метки: |
Добавить метку
Нет меток, Требуется 1-ая метка записи!
|
MARC
| LEADER | 00000 a a2200000 04500 | ||
|---|---|---|---|
| 001 | 33036 | ||
| 003 | |||
| 040 | |a CRAI/IIS |c CRAI/IIS | ||
| 090 | |a 20492.00 | ||
| 100 | |a Picado Méndez, Enid María | ||
| 245 | |a Alteraciones morfológicas y trasporte de materiales escolares por estudientes de educación primaria. Informe final de la práctica en servicio sometido a la consideración de la Comisión del Programa de Mestría en salud Publica / |c Enid María Picado Méndez | ||
| 260 | |a San José: |b Universidad de Costa Rica | ||
| 300 | |a 96 páginas | ||
| 502 | |a Tesis (Maestria en salud profesional) -- Universidad de Costa Rica, 1995 | ||
| 520 | |a El presente documento constituye el informe final de la Práctica en Servicio para optar al grado de Maestría Profesional en Salud Publica, de la Universidad de Costa Rica. El trabajo se interesó por establecer los posibles riesgos posturales en algunos niños de la Escuela Miguel de Cervantes Saavedra, ubicada en Hatillo 3, a raíz del transporte de materiales escolares en sus mochilas, y en proponer posibles medidas preventivas al personal docente para mejorar la programación de la enseñanza e infraestructura de esta escuela | ||
| 650 | |a ESTUDIANTES | ||
| 650 | |a TRANSPORTE ESCOLAR | ||
| 650 | |a ANATOMIA | ||
| 650 | |a INVESTIGACION BIOMEDICA | ||
| 999 | |c 18030 |d 18030 | ||
